[Event "Gibraltar Masters 9th"]
[Site "Caleta"]
[Date "2011.01.25"]
[Round "1"]
[White "Fernandez Romero, Ernesto"]
[Black "Nisipeanu, Liviu Dieter"]
[Result "0-1"]
[WhiteElo "2453"]
[BlackElo "2678"]
[Annotator "Nisipeanu,LD"]
[PlyCount "70"]
[EventDate "2011.01.25"]
[EventType "swiss"]
[EventRounds "10"]
[EventCountry "GGB"]
[SourceTitle "CBM 141"]
[Source "ChessBase"]
[SourceDate "2011.03.17"]
[SourceVersion "1"]
[SourceVersionDate "2011.03.17"]
[SourceQuality "1"]

1. e4 c5 2. Nf3 e6 3. b3 {A small surprise for me, although not necessarily an
unpleasant one. I do not believe that White can fight for an edge with such a
move.} a6 4. Bb2 Nc6 5. g3 ({I remembered that after} 5. d4 cxd4 6. Nxd4 {
Black has the interesting} Qf6 {at his disposal.}) 5... d5 {The most critical.}
(5... d6 {is more popular and should be ok for Black too.}) 6. e5 $6 {I do not
like this move. After developing the bishop on b2, I think that White should
try to keep the diagonal open.} ({After the logical} 6. exd5 exd5 7. Qe2+ Qe7 {
I was afraid of} 8. Nc3 {but Black has the simple} Bg4 $1 9. Bg2 Nf6 {with
equality.}) 6... Nge7 $6 {When I saw 6.e5, I relaxed immediately, thinking
that slow play will guarantee me an advantage. Of course, I was wrong.} (6...
g5 $1 {as recommended in the excellent book 'The Safest Sicilian' by Delchev
and Semkov was very strong and would probably lead to a black edge after} 7.
Bg2 h5 8. O-O Nh6 $1) 7. Bg2 b5 8. O-O Bb7 9. d3 Nf5 ({I would have liked to
play} 9... b4 $6 {but with the knight still on b1, White can play} 10. c4 {
anyway, since} bxc3 11. Nxc3 Ng6 12. Na4 {is good for White.}) 10. c4 $1 (10.
Nbd2 b4 $1) 10... dxc4 11. dxc4 Qb6 12. Nbd2 Rd8 $11 13. Qe2 Be7 14. Rfd1 O-O
15. cxb5 $6 (15. Ne4 Ncd4 16. Nxd4 Nxd4 17. Bxd4 cxd4 {is about equal.}) 15...
axb5 16. Bf1 $2 {The continuation of the wrong idea.} (16. Ne4 $15 {was called
for.}) 16... Ncd4 17. Nxd4 Nxd4 18. Bxd4 Rxd4 19. Bg2 ({I think only now White
realised that} 19. Qxb5 $4 Qxb5 20. Bxb5 Rfd8 {is losing a piece.}) 19... Ba6
$1 (19... Bxg2 20. Kxg2 Rfd8 {is better for Black, but why give up the bishop
pair so easily?}) 20. Nf3 Rxd1+ 21. Rxd1 c4 $17 22. Nd4 Rc8 23. Be4 Bc5 (23...
c3 {was perhaps better, but I thought that White has some survival chances
after} 24. Bd3 g6 25. Nc2 (25. Nxb5 c2 26. Rc1 Bxb5 27. Bxb5 Ba3 28. Rxc2 Rxc2
29. Qxc2 Qxb5 {is hopeless}) {but} 25... Rd8 {is just winning for Black.}) 24.
Nf3 (24. Nc2 b4 $1 {was my idea.}) 24... h6 $1 {Just to avoid surprises.} 25.
Rd7 Rd8 $1 (25... b4 $2 26. Ng5 $1 {was the kind of trick that White was
looking for.}) 26. Rxd8+ Qxd8 27. g4 Be7 $6 {Playing it safe, since time
trouble was approaching.} (27... c3 28. h4 Qb6 29. g5 b4 30. Qc2 Qb5 $1 31. Qd1
Bb6 {is winning for Black.}) 28. Kg2 g6 $2 {A bad move. It was really time to
push the c-pawn.} (28... c3 29. Bc2 Qc8 $17) 29. Qc2 $6 (29. Qe3 $1 Bf8 ({
The planned} 29... Kg7 {would run into} 30. Qa7 $1 $13) 30. h4 $132 {would
have been annoying.}) 29... Kg7 30. Kg3 Qc7 31. h4 $2 (31. bxc4 bxc4 32. Qa4
Qc8 $17) 31... f5 $1 $19 32. gxf5 gxf5 33. Ba8 (33. Bd3 c3 34. Qe2 b4 $1 $19)
33... c3 34. Kh3 Qc8 35. Nd4 Qxa8 0-1

[Event "Moscow Aeroflot op"]
[Site "Moscow"]
[Date "2002.02.07"]
[Round "5"]
[White "Sandipan, Chanda"]
[Black "Smirin, Ilia"]
[Result "0-1"]
[WhiteElo "2452"]
[BlackElo "2702"]
[Annotator "Oratovsky,M"]
[PlyCount "84"]
[EventDate "2002.02.04"]
[EventType "swiss"]
[EventRounds "9"]
[EventCountry "RUS"]
[SourceTitle "CBM 088"]
[Source "ChessBase"]
[SourceDate "2002.03.21"]
[SourceVersion "1"]
[SourceVersionDate "2002.03.21"]
[SourceQuality "1"]

1. e4 {[%mdl 2052]} c5 2. Nf3 e6 3. d3 Nc6 4. g3 Nge7 $5 {in this move order
(Nge7 instead of g6) variation with early d4 is not dangerous for black} 5. Bg2
g6 6. h4 Bg7 (6... d5 7. h5 dxe4 8. dxe4 Qxd1+ 9. Kxd1 Bg7 10. Na3 O-O 11. c3
b6 12. hxg6 hxg6 13. Kc2 Ba6 14. Bg5 Rac8 $13 {[%cal Gc6b4] 1-0 Yudasin,
L-Khamrakulov,I/Ano Liosia 2001/CBM 79 ext (44)}) (6... h6 7. Be3 (7. O-O Bg7
8. c3 d5 (8... e5 9. Be3 d6 10. a3 O-O 11. b4 b6 12. b5 Na5 13. c4 Be6 14. Nc3
f5 $13 {0-1 Minasian,A-Gurevich,M/New Delhi/Theran 2000/CBM 80 (61)}) 9. Qe2 b6
10. e5 Qc7 11. Re1 Bb7 12. Na3 a6 13. Nc2 $14 {[%cal Gd3d4]} d4 14. cxd4 cxd4
15. Ncxd4 Nxd4 16. Nxd4 Rd8 17. Bxb7 Qxb7 18. Nf3 {1-0 Adams,M-Gurevich,M/
Sarajevo 2000/CBM 77 (41)}) 7... Bg7 8. Nc3 (8. c3 $5 d6 9. Qd2 e5 10. Na3 Be6
11. O-O $13 {[%cal Gd3d4]}) 8... Nd4 9. O-O O-O 10. Qd2 Kh7 11. Nh2 d6 12. f4
Rb8 13. Rae1 Qa5 14. g4 f5 $132 {0-1 Iuldachev,S-Hossain,E/Calcutta 2001/CBM
85 (31)}) 7. h5 O-O 8. hxg6 hxg6 9. O-O d5 10. Nbd2 e5 11. exd5 Nxd5 12. Ne4 b6
13. Nh4 Nde7 ({deserved attention} 13... Nf4 14. Bh1 (14. gxf4 Qxh4 15. fxe5
Bxe5 $17) 14... Rb8 $13) 14. f4 Be6 15. fxe5 Nxe5 16. Bg5 f5 17. Nd2 ({doesn't
work} 17. Nxc5 bxc5 (17... Qd4+ 18. Kh1 Qxc5 19. d4 Qc7 20. Bxa8 Rxa8 21. dxe5)
18. Bxa8 Qd4+ 19. Kh1 Rxa8 20. Bxe7 Bd5+ 21. Ng2 Ng4 {[%csl Rh1] with strong
attack}) 17... Qd4+ 18. Kh1 Rae8 $17 19. Nc4 $5 Bd5 $6 ({better was} 19... Bxc4
20. dxc4 Qxb2 $19 21. Qd6 Nf7 22. Qe6 Qe5 $17) 20. Nxe5 Bxe5 21. c3 Bxg2+ 22.
Kxg2 Qd6 23. Qf3 Kg7 24. Rae1 Bf6 25. Qf4 Qxf4 26. Bxf6+ (26. gxf4 Nd5 {
leading to the same position}) 26... Kxf6 27. gxf4 Nd5 28. Kf3 (28. Kg3 Nxf4 $5
29. Kxf4 g5+ 30. Kg3 gxh4+ 31. Kxh4 Rh8+ 32. Kg3 Reg8+ $17 {and white king is
in danger}) 28... Rxe1 29. Rxe1 Rh8 {winning a pawn,but also after} (29... Nxf4
30. Kxf4 g5+ 31. Kg3 gxh4+ 32. Kxh4 Rg8 33. Kh3 f4 $17 {[%csl Rh3] looks
winning for black}) 30. Ng2 Rh3+ 31. Ke2 Rg3 $1 32. Kf2 Rxd3 $19 {now black
has an extra pawn and completely winning ending} 33. Ke2 c4 34. Rh1 Kg7 35. a4
a6 36. Re1 b5 37. axb5 axb5 38. Ra1 b4 39. cxb4 Rb3 40. Ra7+ Kh6 41. Rd7 Rxb2+
42. Kf3 Rb3+ 0-1

[Event "Bundesliga 0304"]
[Site "Germany"]
[Date "2003.12.13"]
[Round "5.8"]
[White "Espig, Thomas"]
[Black "Kengis, Edvins"]
[Result "0-1"]
[WhiteElo "2300"]
[BlackElo "2572"]
[Annotator "Oratovsky,M"]
[PlyCount "58"]
[EventDate "2003.11.01"]
[EventType "team-tourn"]
[EventRounds "15"]
[EventCountry "GER"]
[SourceTitle "CBM 099"]
[Source "ChessBase"]
[SourceDate "2004.03.30"]
[SourceVersion "1"]
[SourceVersionDate "2004.03.30"]
[SourceQuality "1"]
[WhiteTeam "Plauen"]
[BlackTeam "Porz"]
[WhiteTeamCountry "GER"]
[BlackTeamCountry "GER"]

1. e4 c5 2. Nf3 e6 3. d3 Nc6 4. g3 Bd6 $5 {The idea of this strange move is to
place the bishop on c7 then after Nge7 and d5 move e5 will not be so dangerous
for black} ({after immediate} 4... d5 5. Qe2 {and black has no time for Bd6})
5. Bg2 (5. Be3 {prevents black from playing Bc7, but Be3 is not placed so well
in this opening.} Nf6 6. Bg2 Be7 7. Qe2 d5 8. Bf4 (8. e5 {is not possible now}
Nd7 9. Bf4 g5 $17) 8... Qb6 9. c3 c4 (9... dxe4 $6 10. dxe4 Nxe4 11. Qxe4 Qxb2
12. O-O Qxa1 13. Qc2 $16 {[%csl Ra1][%cal Gb1d2,Gb1a3,Yf3d2,Yd2b3]}) 10. dxc4
Nxe4 11. Ne5 (11. cxd5 $5 exd5 12. Be3 Qa5 13. Nbd2 $14) 11... O-O 12. O-O Re8
13. Qc2 Nf6 14. Nd2 $13 {1/2-1/2 Tkachiev,V-Portisch,L/Tilburg 1994/CBM 44 (14)
.}) (5. Nc3 Nge7 6. d4 cxd4 7. Nxd4 O-O 8. Nxc6 (8. Bg2 Bb4 9. Nde2 d5 $132)
8... dxc6 9. Qe2 e5 10. Bg2 b5 11. O-O a5 12. Rd1 Qc7 13. Be3 Ba6 $11 {0-1
Zavgorodniy,S-Braun,A/Chalkidiki 2001/EXT 2002 (47). (47)}) 5... Bc7 (5... Nge7
6. O-O Bc7 (6... O-O 7. Be3 b6 8. c3 Bc7 9. d4 cxd4 10. cxd4 d5 11. e5 a5 12.
Qd2 Ba6 13. Rc1 b5 14. Nc3 Bb6 15. h4 Qd7 16. Bf1 f6 $1 17. exf6 Rxf6 18. Nh2
Nf5 19. Nxb5 Nxe3 20. Qxe3 e5 $17 {0-1 Yudasin,L-Ehlvest,J/New York 2003/EXT
2004 (50). (50)}) 7. Nh4 Ng6 8. Nxg6 hxg6 9. Nc3 a6 (9... Nd4 $5) 10. a3 b5 11.
Be3 Qe7 12. Nd5 $1 $16 {1-0 Fedorov,A-Kengis,E/Vilnius 1997/EXT 98 (57). (56)})
6. c3 Nge7 7. Na3 a6 8. Nc2 d5 9. Qe2 O-O 10. O-O b6 {[%csl Rd3][%cal Ga6a5,
Gc8a6]} 11. Nh4 $6 {Critical point of the game. This typical for such
structure move with idea f4-f5 doesn't work here. Now it was the only moment
to prove the maneuver Nb1-a3-c2.} (11. d4 $1 cxd4 (11... a5 12. Rd1 Ba6 13. Qe1
{[%cal Gc1e3,Gc1g5]} Re8 14. Be3 $14) 12. Ncxd4 Nxd4 (12... Bb7 13. e5 Qb8 14.
Re1 $14) 13. Nxd4 Bb7 (13... dxe4 14. Bxe4 Rb8 15. Rd1 $16) 14. e5 Nc6 15. f4
Nxd4 16. cxd4 a5 17. Rf2 Ba6 18. Qe3 {[%cal Gf4f5]} f5 (18... f6 $5) 19. b3 Qd7
20. Ba3 {[%cal Gf2c2,Ga1c1]} Rfc8 21. g4 $1 fxg4 22. f5 exf5 23. e6 $36) 11...
a5 $15 {[%cal Ra6f1,Rc8a6]} 12. Be3 (12. Rd1 Ba6 {[%csl Rh4]}) 12... dxe4 (
12... d4 $143 $6 13. cxd4 cxd4 14. Bd2 e5 15. f4 $36) 13. dxe4 $6 {another
dubious move} ({i would prefer to go for} 13. Bxe4 {where white has more
dinamic position.For example} Ba6 14. Rad1 Qd7 15. f4 f5 (15... Rad8 {[%cal
Gf7f5]} 16. f5 $1 {[%cal Gf5f6]} (16. Ne1 Rfe8 $15 {[%cal Gf7f5]})) 16. Bg2
Rad8 17. c4 $13) 13... Ba6 14. c4 Nd4 15. Nxd4 cxd4 16. Rad1 e5 $17 {Black
stands better. White's perspectives on the kingside are not so clear, while
black has an obvious strategical edge - the passer d4.} 17. Bh3 Qd6 18. Bg5
Rfe8 19. b3 Bb7 {[%cal Ga5a4]} 20. Rfe1 g6 {[%csl Rh4][%cal Gg6f5]} 21. Rd3 $6
{another strange maneuver} (21. f4 $5) 21... Nc6 22. Rf3 Bd8 $17 23. Qd2 Qb4 $1
24. a3 $4 {[%mdl 8192] losing in one move,but even after} (24. Ng2 Qxd2 25.
Bxd2 Nb4 {white is in trouble} 26. Bxb4 axb4 27. Re2 f5 $19 {[%csl Rf3]}) 24...
Bxg5 $19 {[%csl Re1]} 25. Qxg5 Qxe1+ 26. Kg2 Nd8 27. Bd7 Bxe4 28. Bxe8 Bxf3+
29. Nxf3 Qe4 0-1

[Event "CZE-ch"]
[Site "Zlin"]
[Date "1998.06.16"]
[Round "4"]
[White "Pisk, Petr"]
[Black "Movsesian, Sergei"]
[Result "0-1"]
[WhiteElo "2310"]
[BlackElo "2595"]
[Annotator "Petursson,M"]
[PlyCount "66"]
[EventDate "1998.06.13"]
[EventType "tourn"]
[EventRounds "11"]
[EventCountry "CZE"]
[EventCategory "9"]
[SourceTitle "CBM 066"]
[Source "ChessBase"]
[SourceDate "1998.09.30"]
[SourceVersion "1"]
[SourceVersionDate "1998.09.30"]
[SourceQuality "1"]

1. e4 c5 2. Nf3 e6 3. g3 Nc6 4. Bg2 d5 5. exd5 exd5 6. d4 Bg4 7. Qe2+ Be7 8.
dxc5 Nf6 9. O-O O-O 10. Nc3 Bxc5 11. Qb5 Qb6 12. Qxb6 axb6 13. Bf4 Rfe8 14. h3
Bf5 15. Nh4 Bxc2 16. Nxd5 Nxd5 17. Bxd5 Rad8 18. Bc4 h6 19. Be3 $2 (19. Rac1
Bd3 $15) {[%tqu "En","Can you find a winning move for Black here?","Seize the
initiative at all cost!","Sacrifice the exchange!","e8e3","",16]} 19... Rxe3
20. fxe3 Bxe3+ 21. Kh1 (21. Kh2 Rd2+ 22. Ng2 Be4 23. Bxf7+ Kh7 24. Rg1 Nd4 25.
Bh5 Nc2 26. Rad1 Bxg1+ 27. Rxg1 Ne3 $19) 21... Be4+ 22. Nf3 Ne5 23. Be2 Rd2 24.
Rae1 f5 (24... Bd4 $19) 25. Bd1 Rxd1 (25... f4 $1 26. gxf4 Rxd1 27. Rxd1 Nxf3
28. Rd8+ Kf7 29. Rfd1 Ng5+ 30. Kh2 Bxf4+ 31. Kg1 Nxh3+ $19) 26. Rxd1 Nxf3 (
26... Bxf3+ $4 27. Rxf3 Nxf3 28. Rd3 $18) 27. Rd8+ Kf7 28. Rfd1 h5 29. g4 $2 (
29. Kg2 g5 $17) 29... Ng5+ 30. Kh2 Bf4+ 31. Kg1 Nxh3+ 32. Kf1 hxg4 33. R8d7+
Kg6 0-1

[Event "GER CupT2"]
[Site "Germany"]
[Date "1998.01.24"]
[Round "?"]
[White "Mischustov, Michael"]
[Black "Prusikin, Michael"]
[Result "0-1"]
[WhiteElo "2395"]
[BlackElo "2430"]
[Annotator "Prusikin,M"]
[PlyCount "118"]
[EventDate "1998.??.??"]
[EventType "team-k.o."]
[EventRounds "1"]
[EventCountry "GER"]
[SourceTitle "EXT 2015"]
[Source "ChessBase"]
[SourceDate "2014.11.20"]
[SourceVersion "1"]
[SourceVersionDate "2014.11.20"]
[SourceQuality "1"]

1. e4 c5 2. Nf3 e6 3. c3 d5 4. e5 d4 {Jugendsünden... Damals wusste ich halt
noch nicht, wir stark Französich wirklich ist!} (4... Nc6 $1) 5. cxd4 cxd4 6.
Bb5+ Bd7 7. Bxd7+ (7. Nxd4 Bxb5 8. Nxb5 Nc6 9. O-O a6 10. N5c3 Nge7 $15) 7...
Qxd7 8. d3 Nc6 9. O-O Nge7 10. Bf4 h6 $146 {Ein neuer Zug, der nicht viel am
Spielverlauf verändert.} (10... Nd5) (10... Ng6) 11. h3 (11. Nbd2 g5 $5) 11...
Nd5 12. Bg3 Be7 13. Nbd2 O-O 14. Re1 Rac8 15. Nb3 Rfd8 16. Re4 Qc7 17. Nfxd4 $6
{Zu gradlinig.} (17. Rc1 {hielt die Stellung im Gleichgewicht.}) 17... Nxd4 18.
Nxd4 Qb6 $15 19. Nb3 Nb4 20. d4 a5 21. Bf4 a4 22. Nd2 Nc2 23. Rc1 Qxb2 24. Rb1
Qa3 $6 (24... Qxa2 $1 25. Rxb7 Nxd4 $1 26. Rxe7 Qa3 $19 {[%cal Ga3e7,Ga3c1]
eine schöne Geometrie, die ich glatt übersah.}) 25. Rxb7 Nxd4 26. Nb1 Qc5 $1 (
26... Nc6 {hätte zum Ausgleich gereicht...} 27. Qxd8+ Nxd8 28. Nxa3 Nxb7 29.
Rxa4 Nc5 30. Ra7 Bf8 $11) 27. Rxe7 {Diagramm [#]} Rb8 $3 $19 {...aber beim
Nachdenken über meinen 26 Zug entdeckte ich bereits diesen Hammer. Weiß ist
plötzlich mausetot!} (27... Qxe7 $2 28. Rxd4 $16) (27... Nc6 $2 28. Rd7 Rxd7
29. Qxd7 Rd8 30. Qc7 Rd1+ 31. Kh2 Rxb1 32. Rxa4 Kh7 $1 $11) 28. Kh2 (28. Nc3
Qxc3 $19) 28... Qxe7 29. Rxd4 Rxd4 30. Qxd4 Rxb1 31. Qxa4 Rb4 32. Qa8+ Qf8 33.
Qf3 Ra4 34. Qg3 Kh8 35. Be3 Rxa2 36. Qh4 Ra5 37. Qe4 Rd5 38. g4 Qb8 39. Bf4 Qb2
40. Qe3 Qd4 41. Qf3 Rd7 42. Bg3 Qd5 43. Qc3 Rb7 44. Qc1 Qe4 45. Qf4 Qxf4 46.
Bxf4 Rb3 47. h4 h5 48. gxh5 Rf3 49. Be3 Kh7 50. h6 gxh6 51. Kg2 Rf5 52. f4 Kg6
53. Kg3 f6 54. exf6 Rxf6 55. Bc5 h5 56. Be7 Rf7 57. Bg5 Kf5 58. Kf3 Ra7 59. Ke3
Ra3+ 0-1

[Event "BL2-Ost 0102"]
[Site "Germany"]
[Date "2002.02.03"]
[Round "5.1"]
[White "Prusikin, Michael"]
[Black "Bezold, Michael"]
[Result "1-0"]
[WhiteElo "2506"]
[BlackElo "2510"]
[Annotator "Prusikin,M"]
[PlyCount "85"]
[EventDate "2001.10.07"]
[EventType "team-tourn"]
[EventRounds "9"]
[EventCountry "GER"]
[SourceTitle "EXT 2014"]
[Source "ChessBase"]
[SourceDate "2013.11.20"]
[SourceVersion "1"]
[SourceVersionDate "2013.11.20"]
[SourceQuality "1"]
[WhiteTeam "Forchheim"]
[BlackTeam "Bindlach"]
[WhiteTeamCountry "GER"]
[BlackTeamCountry "GER"]

1. e4 c5 2. Nf3 e6 3. d3 Nc6 4. g3 Bd6 $5 {Ein interessanter Aufbau, den ich 2
Jahre später selbst mit Schwarz ausprobierte.} 5. Bg2 Bc7 6. Be3 $1 {eine
logische Neuerung, die gegen den Vorstoß d7-d5 gerichtet ist} (6. O-O Nf6 7.
Nc3 O-O 8. d4 cxd4 9. Nxd4 a6 10. h3 h6 11. Be3 d5 12. exd5 exd5 13. Nb3 Re8
14. Qc1 $2 Rxe3 $1 15. fxe3 Bxg3 $17 {Nevednichy - Prusikin (2004)}) 6... d6 7.
O-O Nf6 8. h3 O-O 9. Nc3 Re8 10. Nh2 Nd4 11. f4 Bd7 12. Nf3 Nxf3+ 13. Qxf3 Bc6
14. Qf2 b6 15. Ne2 Rc8 16. g4 Nd7 17. Ng3 d5 18. Rad1 $1 {Mit der (typischen)
Idee, den Läufer nach c1 vorbeizulassen.} d4 19. Bc1 Qh4 $6 {Deutlich besser
war, mit} (19... f6 $1 {eine Auffangstellung einzunehmen}) 20. e5 $1 $14 Bb5 $6
{Eine seltsame Enscheidung.} 21. b3 Rf8 22. Ne4 {Sinnvoll wäre gewesen, a2-a4
einzustreuen, um den Lb5 auf ein noch schlechteres Feld abzudrängen.} (22. a4
$1 Ba6 23. Ne4 $14) 22... Qe7 $6 {Das Endspiel ist zwar auch besser für Weiß,
aber mit Damen auf dem Brett bekommt der schwarze König bald Probleme.} (22...
Qxf2+ 23. Rxf2 $14) 23. Rde1 Rce8 24. Re2 Kh8 $2 25. Qe1 $6 {Hier und auch in
den nächsten Zügen wäre} (25. Ng5 $1 h6 26. Qh4 $1 Kg8 27. Be4 $1 $16 {sehr
stark gewesen}) 25... Nb8 26. Kh1 (26. Ng5 $1 h6 (26... Bc6 27. f5 $18) 27. Qh4
Kg8 28. Be4 Bc6 29. Qh5 Bxe4 30. Nxe4 $18) 26... Bd7 27. g5 $5 (27. Ng5 $1)
27... Bc6 28. Qh4 Bxe4 $2 {Das verliert, aber der Königsflügel war in jedem
Fall schwer zu verteidigen. Der weiße Plan sieht Lg2-f3,Te2-g2 mit
nachfolgendem Se4-f6 vor.} 29. Bxe4 $18 f5 (29... g6 30. Qg3 Nd7 31. h4 $18)
30. exf6 gxf6 31. f5 exf5 32. Bxf5 Be5 33. gxf6 Qf7 34. Be4 Nd7 35. Bh6 Bxf6
36. Bxf8 Rxf8 37. Ref2 Qe7 38. Qh5 Qg7 39. Bf5 Ne5 40. Bxh7 Qxh7 41. Qxh7+ Kxh7
42. Rxf6 Re8 43. Re1 1-0